| 000 | 00398nam a2200145Ia 4500 | ||
|---|---|---|---|
| 008 | 231217s9999 xx 000 0 und d | ||
| 041 | _aEnglish | ||
| 082 | _a658.568 LAK;2 R1 | ||
| 100 | _aLakhe, R R Mohanty, R P | ||
| 245 | 0 | _aHandbook of total quality management | |
| 260 |
_c2000 _bMumbai : Jaico, _aMumbai |
||
| 300 | _a242 | ||
| 650 | _aHandbook,total,quality,management | ||
| 942 | _cAA | ||
| 999 |
_c171194 _d171194 |
||